00919pam a2200277 i 45000010005000000030008000050050017000130080039000300200017000690350018000860400034001040410008001380820015001461000034001612450091001952600037002863000035003235000020003585040032003786500023004106500022004336500026004559420012004819990015004939520133005082422BD-RjUL20211208233540.0131211s1976 nyua b 001 0 eng a0465024998 : a(BD-RjUL)2449 aDLCcDLCdDLCd(BD-RjUL)beng aeng00a332.6bFAF1 aFama, Eugene F.,d1939-9784610aFoundations of finance :bportfolio decisions and securities prices /cEugene F. Fama. aNew York :bBasic Books,cc1976. axvii, 395 p. :bill. ;c24 cm. aIncludes index. aBibliography: p. [383]-387. 0aInvestments.96605 0aSecurities.97847 0aStocksxPrices.97848 2ddccBK c2422d2422 00102ddc40708NFICaRUCLbRUCLcStackd1983-05-24eHefferg17.50l0o332.6 FAF 1976r2013-12-11 00:00:00tC-2w2021-12-08yBK